Recull de ponències : Universitat Internacional de la Pau : XVIII edició, Sant Cugat del Vallès, juliol 2003 / Ignacio Sotelo ... [et al.] Universitat Internacional de la Pau :
Descripción Física:
239 p. : fot. ; 21 cm
Otros Autores:
Sotelo, Ignacio
MARC
| LEADER | 00000nam a2200000Ia 4500 | ||
|---|---|---|---|
| 001 | 20700 | ||
| 003 | BGR | ||
| 005 | 20260324175756.0 | ||
| 008 | 160829s9999 xx 000 0 cat d | ||
| 080 | |a M-6-76 | ||
| 111 | |a Universitat Internacional de la Pau |9 70975 |c (Sant Cugat del Vallès : |d 2003) | ||
| 245 | |a Recull de ponències : |b Universitat Internacional de la Pau : |b XVIII edició, Sant Cugat del Vallès, juliol 2003 / Ignacio Sotelo ... [et al.] | ||
| 250 | |a Ed. no venal | ||
| 260 | |a Barcelona : |b Diputació de Barcelona. Gabinet de Relacions Internacionals, Fons Català de Cooperació al Desenvolupament, Fundació Sant Cugat, Ajuntament de Sant Cugat, Generalitat de Catalunya. Secretaria de Relacions Exteriors, 2004 | ||
| 300 | |a 239 p. : |b fot. ; |c 21 cm | ||
| 590 | |a Referències bibliogràfiques a cada capítol | ||
| 650 | |a Pau |x Congressos |9 38517 | ||
| 650 | 0 | |a Drets humans |v Congressos |9 39157 | |
| 700 | |a Sotelo, Ignacio |9 28518 | ||
| 710 | 1 | |a Barcelona (Catalunya : Província). |b Gabinet de Relacions Internacionals |9 13543 | |
| 710 | 2 | |a Fons Català de Cooperació al Desenvolupament |9 10841 | |
| 710 | 2 | |a Fundació Sant Cugat |9 70976 | |
| 710 | 1 | |a Catalunya. |b Generalitat |b Secretaria de Relacions Exteriors |9 12125 | |
| 710 | 1 | |a Sant Cugat del Vallès (Catalunya). |b Ajuntament |9 53923 | |
| 901 | |a Arxiu | ||
| 942 | |n 1 |2 udc |c JC | ||
| 952 | |0 0 |1 0 |4 0 |6 M676 |7 1 |9 49882 |a Arxiu |b Arxiu |d 2016-12-01 |l 0 |o M-6-76 |p 20700 |r 2016-12-01 00:00:00 |w 2016-12-01 |y ARXIU | ||
| 999 | |c 53724 |d 53724 | ||